GIMS - Zombie [paroles] - Statistiques

Statistiques générales
  • Ce quiz a été pris 303 fois
  • Le résultat moyen est 75 sur 98
Statistiques - réponses
Réponse % Correct
ma
95%
me
94%
un
94%
de
93%
se
93%
à
92%
raison
92%
zombie
92%
je
91%
mon
91%
le
90%
mais
90%
tu
90%
conscience
89%
des
89%
esprit
89%
89%
par
89%
subconscient
89%
s’envoler
88%
stop
88%
suis
88%
te
88%
veut
88%
autre
87%
manipulé
87%
parano
87%
t’es
87%
tes
87%
que
86%
les
85%
n’es
85%
ta
85%
l’ombre
83%
qui
83%
chaînes
80%
liens
80%
toi-même
80%
ces
79%
conseillait
79%
fil
79%
pas
79%
retire
79%
tisse
79%
vie
79%
vivre”
79%
vivre ?
79%
comment
78%
dans
78%
disent
78%
fait
78%
gens
78%
si
78%
déchire
77%
désirs
77%
faire
77%
“l’espoir
77%
m’déconseillait
77%
somnolait
77%
j’en
76%
perds
76%
mots
74%
peu
74%
tomber
74%
quoi
73%
est
72%
parles ?
71%
laisse-toi
70%
tout
70%
défies
69%
freinent
69%
n’est
69%
ses
69%
différent
68%
l’vide
68%
réalises
68%
repense
68%
rose
68%
autres
67%
bâtis
67%
monde
67%
mâche
65%
noir
63%
croire
62%
construis
61%
défauts
61%
tard
61%
trop
61%
brouillard
59%
fautes
59%
perdu
59%
chacun
58%
commis
58%
t’as
57%
t’laisse
55%
choses
54%
mômes
53%
calme
48%
Aucun quiz correspondant
Distribution des résultats
% des personnes avec chaque résultat
Percentile par nombre de réponses
Votre historique - résultats
Vous n’avez pas pris ce quiz